Cuentos y relatos de la literatura colombiana / (Registro nro. 11673)

Detalles MARC
000 -CABECERA
Longitud fija campo de control 11138nam a2201381 a 4500
003 - • IDENTIFICADOR DELl NÚMERO DE CONTROL
Identificador del número de control CO-ViMGA
008 - • CÓDIGOS DE INFORMACIÓN DE LONGITUD FIJA
Códigos de información de longitud fija 141112s2004 ck r 000 u spa d
020 ## - • NÚMERO INTERNACIONAL NORMALIZADO PARA LIBROS
Número Internacional Normalizado para Libros (ISBN) 9583801070 (Obra completa)
040 ## - FUENTE DE LA CATALOGACIÓN
Centro catalogador de origen CO-ViMGA
Lengua de catalogación spa
Centro transcriptor CO-ViMGA
041 ## - • CÓDIGO DE LENGUA
Código de lengua del texto/banda sonora o título independiente SPA
245 10 - • TITULO PROPIAMENTE DICHO
Título Cuentos y relatos de la literatura colombiana /
Mención de responsabilidad, etc. selección y textos Luz Mary Giraldo
250 ## - • MENCIÓN DE EDICIÓN
Mención de edición 1a ed., 1a. reimpr.
300 ## - • DESCRIPCIÓN FÍSICA
Extensión 2 v.
490 ## - • MENCIÓN DE SERIE
Mención de serie Tierra firme
500 ## - • NOTA GENERAL
Nota general Incluye biografía de los autores
505 ## - • NOTA DE CONTENIDO CON FORMATO
Nota de contenido con formato v.1 La creación (mito kogi) - - La creación (mito uitoto) - - El árbol de piedra y agua - - La formación de los peces - - El viaje en el más alla - - El Carnero / Juan Rodríguez Freyle - - Tentaciones horribles de Satanás / Francisca Josefa de Castillo - - La b
650 14 - • PUNTO DE ACCESO ADICIONAL DE MATERIA - TÉRMINO DE MATERIA
Término de materia o nombre geográfico como elemento inicial AUTORES COLOMBIANOS
650 14 - • PUNTO DE ACCESO ADICIONAL DE MATERIA - TÉRMINO DE MATERIA
Término de materia o nombre geográfico como elemento inicial CUENTOS COLOMBIANOS - ANTOLOGIA
650 14 - • PUNTO DE ACCESO ADICIONAL DE MATERIA - TÉRMINO DE MATERIA
Término de materia o nombre geográfico como elemento inicial CUENTOS COLOMBIANOS - COLECCIONES
650 14 - • PUNTO DE ACCESO ADICIONAL DE MATERIA - TÉRMINO DE MATERIA
Término de materia o nombre geográfico como elemento inicial CUENTOS COLOMBIANOS - SIGLO XX
650 14 - • PUNTO DE ACCESO ADICIONAL DE MATERIA - TÉRMINO DE MATERIA
Término de materia o nombre geográfico como elemento inicial CUENTOS INFANTILES COLOMBIANOS
650 14 - • PUNTO DE ACCESO ADICIONAL DE MATERIA - TÉRMINO DE MATERIA
Término de materia o nombre geográfico como elemento inicial LITERATURA COLOMBIANA - HISTORIA Y CRITICA
700 1# - • PUNTO DE ACCESO ADICIONAL - NOMBRE DE PERSONA
Nombre de persona Acosta de Samper, Soledad. Un crimen
700 1# - • PUNTO DE ACCESO ADICIONAL - NOMBRE DE PERSONA
Nombre de persona Aguilera Garramuño, Marco Tulio. La noche de Aquiles y Virgen
700 1# - • PUNTO DE ACCESO ADICIONAL - NOMBRE DE PERSONA
Nombre de persona Alape, Arturo. El caballo y su sombra
700 1# - • PUNTO DE ACCESO ADICIONAL - NOMBRE DE PERSONA
Nombre de persona Álvarez Gardeazábal, Gustavo. Ana Joaquina Torrentes
700 1# - • PUNTO DE ACCESO ADICIONAL - NOMBRE DE PERSONA
Nombre de persona Arango Arias, Gonzalo. El pez ateo de tus sagradas olas
700 1# - • PUNTO DE ACCESO ADICIONAL - NOMBRE DE PERSONA
Nombre de persona Arango Villegas, Rafael. Cómo narraba la historia sagrada el maestro Feliciano Ríos
700 1# - • PUNTO DE ACCESO ADICIONAL - NOMBRE DE PERSONA
Nombre de persona Arciniegas, Triunfo. Alas a mitad de precio
700 1# - • PUNTO DE ACCESO ADICIONAL - NOMBRE DE PERSONA
Nombre de persona Arciniegas, Triunfo. Cerdos en el viento
700 1# - • PUNTO DE ACCESO ADICIONAL - NOMBRE DE PERSONA
Nombre de persona Bolaños, Arturo. Sin salida
700 1# - • PUNTO DE ACCESO ADICIONAL - NOMBRE DE PERSONA
Nombre de persona Burgos Cantor, Roberto. Nada, ni siquiera Obdulia Martina
700 1# - • PUNTO DE ACCESO ADICIONAL - NOMBRE DE PERSONA
Nombre de persona Caballero Calderón, Eduardo. El corneta llanero
700 1# - • PUNTO DE ACCESO ADICIONAL - NOMBRE DE PERSONA
Nombre de persona Caicedo, Andrés. El atravesado
700 1# - • PUNTO DE ACCESO ADICIONAL - NOMBRE DE PERSONA
Nombre de persona Cano Gaviria, Ricardo. La mosca
700 1# - • PUNTO DE ACCESO ADICIONAL - NOMBRE DE PERSONA
Nombre de persona Carrasquilla, Tomás. En la diestra de Dios Padre
700 1# - • PUNTO DE ACCESO ADICIONAL - NOMBRE DE PERSONA
Nombre de persona Castillo, Francisca Josefa de. Tentaciones horribles de Satanás
700 1# - • PUNTO DE ACCESO ADICIONAL - NOMBRE DE PERSONA
Nombre de persona Cepeda Samudio, Álvaro. Todos estábamos a la espera
700 1# - • PUNTO DE ACCESO ADICIONAL - NOMBRE DE PERSONA
Nombre de persona Collazos, Óscar. El lento olvido de tus sueños
700 1# - • PUNTO DE ACCESO ADICIONAL - NOMBRE DE PERSONA
Nombre de persona Cordovez Moure, José María. Custodia o la emparedada
700 1# - • PUNTO DE ACCESO ADICIONAL - NOMBRE DE PERSONA
Nombre de persona Corral, Jesús del. Que pase el aserrador
700 1# - • PUNTO DE ACCESO ADICIONAL - NOMBRE DE PERSONA
Nombre de persona Cruz Kronfly, Fernando. Drick era de nombre Genovevo Palomo
700 1# - • PUNTO DE ACCESO ADICIONAL - NOMBRE DE PERSONA
Nombre de persona Díaz, Eugenio. De gorra
700 1# - • PUNTO DE ACCESO ADICIONAL - NOMBRE DE PERSONA
Nombre de persona Echeverri, Jaime. El jardín del guerrero
700 1# - • PUNTO DE ACCESO ADICIONAL - NOMBRE DE PERSONA
Nombre de persona Escobar Giraldo, Octavio. Recuerdas Staying alive?
700 1# - • PUNTO DE ACCESO ADICIONAL - NOMBRE DE PERSONA
Nombre de persona Espinosa, Germán. Noticias de un convento frente al mar
700 1# - • PUNTO DE ACCESO ADICIONAL - NOMBRE DE PERSONA
Nombre de persona Fayad, Luis. Cantor está de viaje
700 1# - • PUNTO DE ACCESO ADICIONAL - NOMBRE DE PERSONA
Nombre de persona Franco Ramos, Jorge. Viaje gratis
700 1# - • PUNTO DE ACCESO ADICIONAL - NOMBRE DE PERSONA
Nombre de persona Fuenmayor, José Felix. La muerte en la calle
700 1# - • PUNTO DE ACCESO ADICIONAL - NOMBRE DE PERSONA
Nombre de persona García Londoño, Andrés. La plegaria del jardinero
700 1# - • PUNTO DE ACCESO ADICIONAL - NOMBRE DE PERSONA
Nombre de persona García Márquez, Gabriel. El ahogado más hermoso del mundo
700 1# - • PUNTO DE ACCESO ADICIONAL - NOMBRE DE PERSONA
Nombre de persona García Márquez, Gabriel. El rastro de tu sangre en la nieve
700 1# - • PUNTO DE ACCESO ADICIONAL - NOMBRE DE PERSONA
Nombre de persona García Márquez, Gabriel. La siesta del martes
700 1# - • PUNTO DE ACCESO ADICIONAL - NOMBRE DE PERSONA
Nombre de persona García Márquez, Gabriel. Solo vine a hablar por teléfono
700 1# - • PUNTO DE ACCESO ADICIONAL - NOMBRE DE PERSONA
Nombre de persona García, Eligio. El campeón de siempre
700 1# - • PUNTO DE ACCESO ADICIONAL - NOMBRE DE PERSONA
Nombre de persona Giraldo, Luz Mary
700 1# - • PUNTO DE ACCESO ADICIONAL - NOMBRE DE PERSONA
Nombre de persona Gómez Valderrama, Pedro. El dios errante
700 1# - • PUNTO DE ACCESO ADICIONAL - NOMBRE DE PERSONA
Nombre de persona Gómez, Efe. La tragedia del minero
700 1# - • PUNTO DE ACCESO ADICIONAL - NOMBRE DE PERSONA
Nombre de persona González, Tomás. Las palmas del ghetto
700 1# - • PUNTO DE ACCESO ADICIONAL - NOMBRE DE PERSONA
Nombre de persona Groot, José Manuel. La barbería
700 1# - • PUNTO DE ACCESO ADICIONAL - NOMBRE DE PERSONA
Nombre de persona Hoyos Olier, Enrique. Benchmarking II
700 1# - • PUNTO DE ACCESO ADICIONAL - NOMBRE DE PERSONA
Nombre de persona Isaacs, Jorge. Feliciana
700 1# - • PUNTO DE ACCESO ADICIONAL - NOMBRE DE PERSONA
Nombre de persona Kastos, Emiro. Mi compadre Facundo
700 1# - • PUNTO DE ACCESO ADICIONAL - NOMBRE DE PERSONA
Nombre de persona Kremer, Harold. Gelatina
700 1# - • PUNTO DE ACCESO ADICIONAL - NOMBRE DE PERSONA
Nombre de persona Londoño, Julio César. Pesadilla en el hipotálamo
700 1# - • PUNTO DE ACCESO ADICIONAL - NOMBRE DE PERSONA
Nombre de persona Londoño, Santiago. Rabdomán el mago
700 1# - • PUNTO DE ACCESO ADICIONAL - NOMBRE DE PERSONA
Nombre de persona Lozano, Pilar. Turbel el viento que se disfrazo de brisa
700 1# - • PUNTO DE ACCESO ADICIONAL - NOMBRE DE PERSONA
Nombre de persona Madiedo, Manuel María. El boga del Magdalena
700 1# - • PUNTO DE ACCESO ADICIONAL - NOMBRE DE PERSONA
Nombre de persona Mattos Omar, Joaquín. Hombre pierde su sombra en un incendio
700 1# - • PUNTO DE ACCESO ADICIONAL - NOMBRE DE PERSONA
Nombre de persona Mejía Vallejo, Manuel. La muerte de Pedro Canales
700 1# - • PUNTO DE ACCESO ADICIONAL - NOMBRE DE PERSONA
Nombre de persona Méndez Camacho, Miguel. Azabache
700 1# - • PUNTO DE ACCESO ADICIONAL - NOMBRE DE PERSONA
Nombre de persona Mendoza García, Plinio Apuleyo. El día que enterramos las armas
700 1# - • PUNTO DE ACCESO ADICIONAL - NOMBRE DE PERSONA
Nombre de persona Montaña, Antonio. Al amanecer llego el litógrafo
700 1# - • PUNTO DE ACCESO ADICIONAL - NOMBRE DE PERSONA
Nombre de persona Montoya, Pablo. La sinfónica
700 1# - • PUNTO DE ACCESO ADICIONAL - NOMBRE DE PERSONA
Nombre de persona Moreno Durán, Rafael Humberto. Último informe Kinsey
700 1# - • PUNTO DE ACCESO ADICIONAL - NOMBRE DE PERSONA
Nombre de persona Moreno, Marvel. Autocrítica
700 1# - • PUNTO DE ACCESO ADICIONAL - NOMBRE DE PERSONA
Nombre de persona Mutis, Álvaro. Cocora
700 1# - • PUNTO DE ACCESO ADICIONAL - NOMBRE DE PERSONA
Nombre de persona Mutis, Álvaro. La muerte del estratega
700 1# - • PUNTO DE ACCESO ADICIONAL - NOMBRE DE PERSONA
Nombre de persona Niño, Jairo Aníbal. El último resucitado
700 1# - • PUNTO DE ACCESO ADICIONAL - NOMBRE DE PERSONA
Nombre de persona Osorio Lizarazo, José Antonio. Job
700 1# - • PUNTO DE ACCESO ADICIONAL - NOMBRE DE PERSONA
Nombre de persona Pabón Villamizar, Gabriel. La sal de lot
700 1# - • PUNTO DE ACCESO ADICIONAL - NOMBRE DE PERSONA
Nombre de persona Paredes, Julio. Soprano
700 1# - • PUNTO DE ACCESO ADICIONAL - NOMBRE DE PERSONA
Nombre de persona Parra Sandoval, Rodrigo. Álbum de billetera
700 1# - • PUNTO DE ACCESO ADICIONAL - NOMBRE DE PERSONA
Nombre de persona Pérez, Lina María. Bolero para una noche de tango
700 1# - • PUNTO DE ACCESO ADICIONAL - NOMBRE DE PERSONA
Nombre de persona Pombo, Manuel. El maestro Custodio
700 1# - • PUNTO DE ACCESO ADICIONAL - NOMBRE DE PERSONA
Nombre de persona Pombo, Rafael. El renacuajo paseador
700 1# - • PUNTO DE ACCESO ADICIONAL - NOMBRE DE PERSONA
Nombre de persona Pombo, Rafael. La pobre viejecita
700 1# - • PUNTO DE ACCESO ADICIONAL - NOMBRE DE PERSONA
Nombre de persona Pombo, Rafael. Mirringa Mirronga
700 1# - • PUNTO DE ACCESO ADICIONAL - NOMBRE DE PERSONA
Nombre de persona Posso Figueroa, Amalia Lú. Honoria Lozano
700 1# - • PUNTO DE ACCESO ADICIONAL - NOMBRE DE PERSONA
Nombre de persona Rebetez, René. La nueva prehistoria
700 1# - • PUNTO DE ACCESO ADICIONAL - NOMBRE DE PERSONA
Nombre de persona Reyes, Yolanda. Frida
700 1# - • PUNTO DE ACCESO ADICIONAL - NOMBRE DE PERSONA
Nombre de persona Robinson - Bent, Lenito. Desde el otro lado del viaje
700 1# - • PUNTO DE ACCESO ADICIONAL - NOMBRE DE PERSONA
Nombre de persona Roca, Juan Manuel. Feliz Navidad señor Amézquita
700 1# - • PUNTO DE ACCESO ADICIONAL - NOMBRE DE PERSONA
Nombre de persona Rodríguez Freyle, Juan, 1556 - 1638 Castillo, Francisca Josefa de Groot, José Manuel Díaz, Eugenio Madiedo, Manuel María Kastos, Emiro, 1825 - 1894 Pombo, Manuel Vergara y Vergara, José María Silva, José Ricardo Isaacs, Jorge, 1837 - 1895 Acosta de Samper, Soledad Cordovez Moure, José María, 1835 - 1918 Corral, Jesús del, 1871 - 1931 Carrasquilla, Tomás, 1858 - 1940 Vargas Vila, José María, 1860 - 1933 Gómez, Efe, 1873 - 1938 Fuenmayor, José Felix, 1885 - 1966 Arango Villegas, Rafael, 1899 - 1952 Osorio Lizarazo, José Antonio, 1900 - 1964 Zalamea Borda, Jorge, 1905 - 1969 Vargas Osorio, Tomás Téllez, Hernando, 1908 - 1966 Zárate Moreno, Jesús, 1915 - 1967 Mejía Vallejo, Manuel, 1923 - 1998 Mutis, Álvaro, 1923 - Mutis, Álvaro, 1923 - Cepeda Samudio, Álvaro, 1926 - 1972 Truque, Carlos Arturo, 1927 - 1970 García Márquez, Gabriel, 1928 - García Márquez, Gabriel, 1928 - García Márquez, Gabriel, 1928 - García Márquez, Gabriel, 1928 - Mendoza García, Plinio Apuleyo, 1932 - Parra Sandoval, Rodrigo, 1938 - Álvarez Gardeazábal, Gustavo, 1945 - Cano Gaviria, Ricardo, 1946 - Kremer, Harold Suescún, Nicolás, 1937 - Collazos, Óscar, 1942 - Ruiz, Hugo Cruz Kronfly, Fernando, 1943 - Fayad, Luis, 1945 - Paredes, Julio, 1957 - Espinosa, Germán, 1938 - Moreno, Marvel, 1939 - 1995 Moreno Durán, Rafael Humberto, 1946 - 2005 Aguilera Garramuño, Marco Tulio, 1949 - García, Eligio Posso Figueroa, Amalia Lú Burgos Cantor, Roberto, 1948 - Caicedo, Andrés Escobar Giraldo, Octavio, 1962 - Gómez Valderrama, Pedro, 1923 - 1992 Arango Arias, Gonzalo, 1931 - 1976 Rebetez, René, 1933 - Londoño, Julio César Arciniegas, Triunfo, 1957 - Mattos Omar, Joaquín García Londoño, Andrés Montaña, Antonio Roca, Juan Manuel, 1946 - González, Tomás, 1950 - Colombia Pérez, Lina María Robinson - Bent, Lenito Franco Ramos, Jorge, 1962 - Serrano, Enrique, 1960 - Montoya, Pablo, 1963 - Vásquez, Juan Gabriel, 1973 - Ungar, Antonio, 1974 - Silva, Ricardo, 1836 - 1887 Vidales, Luis, 1900 - 1990 Hoyos Olier, Enrique Méndez Camacho, Miguel, 1942 - Echeverri, Jaime Santamaría, Germán, 1950 - Pabón Villamizar, Gabriel Rodríguez Romero, Nana Bolaños, Arturo Pombo, Rafael, 1833 - 1912 Pombo, Rafael, 1833 - 1912 Pombo, Rafael, 1833 - 1912 Caballero Calderón, Eduardo, 1910 - 1993 Alape, Arturo, 1938 - 2006 Niño, Jairo Aníbal, 1941 - 2010 Lozano, Pilar, 1951 - Arciniegas, Triunfo, 1957 - Londoño, Santiago Reyes, Yolanda, 1959 -
700 1# - • PUNTO DE ACCESO ADICIONAL - NOMBRE DE PERSONA
Nombre de persona Rodríguez Freyle, Juan. El Carnero
700 1# - • PUNTO DE ACCESO ADICIONAL - NOMBRE DE PERSONA
Nombre de persona Rodríguez Romero, Nana. El astrolabio
700 1# - • PUNTO DE ACCESO ADICIONAL - NOMBRE DE PERSONA
Nombre de persona Ruiz, Hugo. Un pequeño café al bajar la calle
700 1# - • PUNTO DE ACCESO ADICIONAL - NOMBRE DE PERSONA
Nombre de persona Santamaría, Germán. Morir último
700 1# - • PUNTO DE ACCESO ADICIONAL - NOMBRE DE PERSONA
Nombre de persona Serrano, Enrique. El día de la partida
700 1# - • PUNTO DE ACCESO ADICIONAL - NOMBRE DE PERSONA
Nombre de persona Silva, José Ricardo. El niño Agapito
700 1# - • PUNTO DE ACCESO ADICIONAL - NOMBRE DE PERSONA
Nombre de persona Silva, Ricardo. Doctor Tomás Aguirre
700 1# - • PUNTO DE ACCESO ADICIONAL - NOMBRE DE PERSONA
Nombre de persona Suescún, Nicolás. El retorno a casa
700 1# - • PUNTO DE ACCESO ADICIONAL - NOMBRE DE PERSONA
Nombre de persona Téllez, Hernando. Espuma y nada más
700 1# - • PUNTO DE ACCESO ADICIONAL - NOMBRE DE PERSONA
Nombre de persona Truque, Carlos Arturo. El día que terminó el verano
700 1# - • PUNTO DE ACCESO ADICIONAL - NOMBRE DE PERSONA
Nombre de persona Ungar, Antonio. Madagascar
700 1# - • PUNTO DE ACCESO ADICIONAL - NOMBRE DE PERSONA
Nombre de persona Vargas Osorio, Tomás. Hombres
700 1# - • PUNTO DE ACCESO ADICIONAL - NOMBRE DE PERSONA
Nombre de persona Vargas Vila, José María. Tarde!
700 1# - • PUNTO DE ACCESO ADICIONAL - NOMBRE DE PERSONA
Nombre de persona Vásquez, Juan Gabriel. El regreso
700 1# - • PUNTO DE ACCESO ADICIONAL - NOMBRE DE PERSONA
Nombre de persona Vergara y Vergara, José María. Las tres tazas
700 1# - • PUNTO DE ACCESO ADICIONAL - NOMBRE DE PERSONA
Nombre de persona Vidales, Luis. El crimen perfecto
700 1# - • PUNTO DE ACCESO ADICIONAL - NOMBRE DE PERSONA
Nombre de persona Zalamea Borda, Jorge. La metamorfosis de su excelencia
700 1# - • PUNTO DE ACCESO ADICIONAL - NOMBRE DE PERSONA
Nombre de persona Zárate Moreno, Jesús. Ni la muerte puede separarnos
740 ## - • PUNTO DE ACCESO ADICIONAL - TÍTULO RELACIONADO O ANALÍTICO NO CONTROLADO
Título relacionado o analítico no controlado La creación (mito kogi) \ La creación (mito uitoto) \ El árbol de piedra y agua \ La formación de los peces \ El viaje en el más alla \ El Carnero \ Tentaciones horribles de Satanás \ La barbería \ De gorra \ El boga del Magdalena \ Mi compadre Facundo \ El maestro Custodio \ Las tres tazas \ El niño Agapito \ Feliciana \ Un crimen \ Custodia o la emparedada \ Que pase el aserrador \ En la diestra de Dios Padre \ Tarde! \ La tragedia del minero \ La muerte en la calle \ Cómo narraba la historia sagrada el maestro Feliciano Ríos \ Job \ La metamorfosis de su excelencia \ Hombres \ Espuma y nada más \ Ni la muerte puede separarnos \ La muerte de Pedro Canales \ La muerte del estratega \ Cocora \ Todos estábamos a la espera \ El día que terminó el verano \ La siesta del martes \ El ahogado más hermoso del mundo \ El rastro de tu sangre en la nieve \ Solo vine a hablar por teléfono \ El día que enterramos las armas \ Álbum de billetera \ Ana Joaquina Torrentes \ La mosca \ Gelatina \ El retorno a casa \ El lento olvido de tus sueños \ Un pequeño café al bajar la calle \ Drick era de nombre Genovevo Palomo \ Cantor está de viaje \ Soprano \ Noticias de un convento frente al mar \ Autocrítica \ Último informe Kinsey \ La noche de Aquiles y Virgen \ El campeón de siempre \ Honoria Lozano \ Nada, ni siquiera Obdulia Martina \ El atravesado \ Recuerdas Staying alive? \ El dios errante \ El pez ateo de tus sagradas olas \ La nueva prehistoria \ Pesadilla en el hipotálamo \ Alas a mitad
942 ## - ENTRADA DE ELEMENTOS AGREGADOS (KOHA)
Fuente de clasificaión o esquema Dewey Decimal Classification
Koha [por defecto] tipo de item LIbro
Existencias
Perdido Fuente de clasificación o esquema Estado Físico No para préstamo Forma de adquisición Localización permanente Localización actual Fecha adquisición Serie de enumeración / cronolog&íacute;a Préstamos totales Signatura completa Código de barras Fecha última consulta Número de copia Fecha del precio de reemplazo Tipo de item de Koha Fecha último préstamo Localización en estanterías
  Dewey Decimal Classification     Sala General Biblioteca Comunitaria - Villavicencio Biblioteca Comunitaria - Villavicencio 12/04/2015 Volumen. 2 | 27/jun/2012   C CUE69 3382 05/17/2017 Ej. 1 12/04/2015 LIbro    
  Dewey Decimal Classification     Colección General Biblioteca Pública Cabuyaro Biblioteca Pública Cabuyaro 09/18/2023     C CUE68 CAB000675 09/18/2023 Ej.1 09/18/2023 LIbro   Literatura
  Dewey Decimal Classification     Sala General Segundo Piso Biblioteca Pública Germán Arciniegas - Villavicencio Biblioteca Pública Germán Arciniegas - Villavicencio 12/04/2015 Volumen. 1 | 27/jun/2012 1 C CUE69 25208 02/19/2019 Ej. 1 12/04/2015 LIbro 02/11/2019  
  Dewey Decimal Classification     Sala General Segundo Piso Biblioteca Pública Germán Arciniegas - Villavicencio Biblioteca Pública Germán Arciniegas - Villavicencio 12/04/2015 Volumen. 2 | 27/jun/2012 1 C CUE69 25209 03/04/2019 Ej. 1 12/04/2015 LIbro 02/19/2019  









Instituto Departamental de Cultura del Meta - Red Departamental de Bibliotecas Públicas del Meta.